00927nam a2200193Ia 4500952009300000999001700093008004100110020001600151050001700167245006300184260021700247300001800464490002200482500005900504505012000563519000900683650003400692942000700726 00104070a11b11d2018-07-30l0oLB2396 T87p11 001547r2018-07-30t1w2018-07-30yLB c69044d69044120626s2009 mx 000 0 spa d a97860707440 aLB2396 bT87 aTutoría y mediación 1c/ coordinadora Patricia Ducoing aMéxico, D.F. b: UNAM, Instituto de Investigaciones sobre la Universidad y la Educación b: Asociación Francófona Internacional de Investigación en Ciencias de la Educación, Sección Mexicanac, 2009 a256 páginas aiisue educación aIncluye: Presentación de Patricia Ducoing (pp. 9-24) aAlgunos elementos conceptuales en torno a la tutoría la tutoría en el posgrado Los tutores y su formación a d  0aTUTORES Y TUTORÍAzMÉXICO cLB